00346nam a2200133Ia 4500008004100000041000800041082001700049100002200066245003400088250001400122260003500136300003400171365000700205240624s9999 xx 000 0 und d aeng a657.0285 ROM aROMNEY MARSHALL B aACCOUNTING INFORMATION SYSTEM a(9th ed.) c2004aDelhibPearson Education axxviii, : 735 : p. : cm. ; 24 cRS